000 00536nam a2200181Ia 4500
008 151202s9999||||xx |||||||||||||| ||und||
082 _bPNVM-56768
100 _aमेहता शशीकला.
245 _aझुबेदा.
260 _bशांती पब्ेिकशन पुणे.
260 _c1993
300 _a294
600 _aमेहता शशीकला.
630 _aझुबेदा.
700 _aमेहता शशीकला.
730 _aझुबेदा.
942 _cBOOK
999 _c1323306
_d1323303